Responses for show #7612 - Tuesday, October 17, 2017

Manny Abell wins with $1.

Contestants

[<< previous game]

Fran Fried, a writer, editor and DJ from Prospect, Connecticut

Carlos Nobleza Posas, an actor from Salt Lake City, Utah

Manny Abell, a Naval officer from Lacey, Washington (whose 2-day cash winnings total $42,798)

[next game >>]

Jeopardy! Round responses

I'M A HUGE FAN
THE MIDWEST
LETTER PERFECT
A NOVEL IDEA
LET'S SAVE THE PLANET
LET'S REMODEL THE KITCHEN
    $200 10
Cheeseheads

Carlos
    $200 6
(Carlos: What is Iowa?)
(Alex: We need the place, the city.)

Iowa City

Carlos
Triple Stumper
    $200 2
(Carlos: What is an A+?)
(Fran: What is an A?)

a B

MannyCarlosFran
    $200 25
CO2 (carbon dioxide)

Manny
    $200 16
a pantry

Fran
    $400 11
"Weird Al" Yankovic

Carlos
    $400 7
Minnesota

Manny
    $400 3
(Manny: What is C?)

D

MannyFran
    $400 23
(Carlos: What is The Sandman?)

American Gods

MannyCarlos
    $400 26
the Audubon Society

Fran
    $400 17
a hood

Manny
    $600 12
The Amazing Race

Triple Stumper
    $600 1
a monster truck

Carlos
    $600 4
R

Carlos
    $4,000 22
(Carlos: What is the Heart of Darkness?)

Les Miserables

Carlos
    $600 27
(Fran: What are national forests?)

national parks

MannyFran
    $600 18
a wine cooler

Manny
    $800 13
(Fran: What is [*]? Capra. What is Capra?)

Capracorn (.org)

Fran
    $800 8
Detroit

Fran
    $800 5
O

Manny
    $800 21
One Flew Over the Cuckoo's Nest

Carlos
    $800 28
[The end-of-round signal sounds.]

water

Carlos
    $800 19
a peninsula

Carlos
    $1000 14
Bella Thorne

Carlos
    $1000 9
Bismarck

Fran
    $1000 15
U

Fran
    $1000 20
Henry James

Triple Stumper
    $1000 24
(Fran: What is marble?)
(Manny: Darn that.)
...
(Alex: Less than a minute to go now, Manny.)

quartz

MannyFran
Triple Stumper

Scores at the first commercial break (after clue 15):

Manny Carlos Fran
$1,000 $2,400 $3,800

Scores at the end of the Jeopardy! Round:

Manny Carlos Fran
$2,200 $400 $2,800

Double Jeopardy! Round responses

ANCIENT WISDOM
SUPREME COURT JUSTICE BEFORE & AFTER
IT'S A BATTLE
INVENTION & DISCOVERY
OCTOBER: SPORTS FANS' HEAVEN
A SUFFIX WILL SUFFICE
    $400 1
John Jay-Z

Carlos
    $400 20
Waterloo

Manny
    $400 29
(Carlos: What is a telephone?)
(Alex: Be more specific.)
(Carlos: What is a rotary telephone?)
(Fran: What is a visual telephone?)
...
[The end-of-round signal sounds.]

a cellular telephone

MannyCarlosFran
    $400 19
Vegas

Fran
    $400 10
-phile

Fran
    $800 22
Africa

Manny
    $800 2
Clarence Thomas the Tank Engine

Triple Stumper
    $800 7
Iwo Jima

Carlos
    $800 28
Japan

Triple Stumper
    $800 18
Cleveland

Fran
    $800 11
(Manny: What is -itis?)
(Carlos: What is A-G-E?)

-ectomy

MannyCarlos
Triple Stumper
    $1200 21
The Art of War

Fran
    $1200 3
Byron White Castle

Fran
    $1,500 4
Antietam

Fran
    $1200 25
Who came first, the chicken or the egg?

Carlos
    $1200 13
James Harden

Fran
    $1200 12
-crat (or -cracy)

Manny
    $1600 23
(Manny: What is a social animal?)

a political animal

Manny
Triple Stumper
    $1600 8
John Oliver Wendell Holmes

Carlos
    $1600 5
(Manny: What is the Somme?)

the Marne

Manny
Triple Stumper
    $1600 26
(Alex: Less than a minute to go now, Carlos.)

a liquid biopsy

Triple Stumper
    $1600 14
the Patriots

Fran
    $1600 16
-ette

Fran
    $2000 24
Virgil

Triple Stumper
    $2000 9
Anthony Kennedy Space Center

Triple Stumper
    $2000 6
San Jacinto

Fran
    $5,100 27
a transistor

Carlos
    $2000 15
San Jose

Carlos
    $2000 17
(Fran: What is -osis?)
(Carlos: -opathy. -opathy. What is -opathy?)
[Originally ruled incorrect, ruled correct before the second Daily Double]

-algia (or -opathy)

CarlosFran

Scores at the end of the Double Jeopardy! Round:

Manny Carlos Fran
$1,000 $12,300 $12,300

[wagering suggestions for these scores]

Final Jeopardy! Round responses

ASIAN GEOGRAPHY
(Alex: And Manny, congratulations! You win the game with a dollar. The smallest win in many, many many years, and you now have a 3-day total of $42,799.)
(Manny: [As Alex announces his total winnings] Whoops!)
(Alex: Whoops, indeed.)
MannyWhat is Iraq?
$999
CarlosWhat is Azerbaijan?
$12,300
FranWhat is Tibet?
$12,300
Iran

Final scores:

Manny Carlos Fran
$1 $0 $0
3-day champion: $42,799 3rd place: $1,000 2nd place: $2,000

Game dynamics:

Coryat scores:

Manny Carlos Fran
$1,000 $13,200 $12,000
12 R,
5 W
15 R
(including 1 DD),
6 W
(including 1 DD)
17 R
(including 1 DD),
5 W

Combined Coryat: $26,200

The J! Archive is created by fans, for fans. The Jeopardy! game show and all elements thereof, including but not limited to copyright and trademark thereto, are the property of Jeopardy Productions, Inc. and are protected under law. This website is not affiliated with, sponsored by, or operated by Jeopardy Productions, Inc. Join the discussion at JBoard.tv.